Statistics for World’s top oil producers

Click here to take the quiz!

General Stats

  • This quiz has been taken 144 times
  • The average score is 12 of 15

Answer Stats

HintAnswer% Correct
1.USA
98%
2.Saudi Arabia
96%
3.Russia
94%
5.Canada
90%
7.Iran
90%
8.Iraq
89%
4.China
85%
10.Mexico
81%
11.Kuwait
79%
9.Brazil
75%
14.Qatar
75%
12.Venezuela
70%
6.United Arab Emirates
69%
15.Norway
62%
13.Nigeria
56%

Score Distribution

Percentile by Number Answered

Percent of People with Each Score

Your Score History

You have not taken this quiz